000 00451nam a22001577a 4500
020 _a978-0-671-74349-9
082 _a425
_bFUN/T
100 _aFUNK,WILFRED;NORMAN LEWIS
245 _aTHIRTY DAYS TO A MORE POWERFUL VOCABULARY
246 _aTHIRTY DAYS TO A MORE POWERFUL VOCABULARY
_bTHIRTY DAYS TO A MORE POWERFUL VOCABULARY
260 _aNEW YORK
_bPOCKET BOOKS
_c1971
300 _a244
500 _aVOCABLARY
520 _aVOCABLARY
942 _cBK
999 _c8528
_d8528